000 01241namaa22003251i 4500
003 EG-GICUC
005 20260226121003.0
008 260226s1991 ua ||||jr|||| 000 0 ara d
017 _a1991 / 2173
_bدار الكتب والوثائق القومية (مصر)
020 _a9770126799
040 _aEG-GiCUC
_bara
_cEG-GiCUC
_dEG-GiCUC
_erda
043 _af----ua
082 0 4 _221
_a810.9
_bI359
092 0 4 _221
_a810.9
_bI359
099 _a810.9 I359 1991
100 1 _aعنانى، محمد
_eمؤلف.
245 1 2 _aالأدب وفنونه /
_cد. محمد عنانى
250 _aالطبعة الثانية
264 _aالقاهرة (مصر) :
_bالهيئة المصرية العامة للكتاب،
_c1991.
300 _a151 صفحة ؛
_c20 سم
_bإيضاحيات، صور، مثيليات ؛ Illustrations
336 _2rdacontent
_atext
337 _2rdamedia
_aUnmediated
338 _2rdacarrier
_avolume
504 _aBibliography: pages 200-250. 240-220 ببليوجرافيا: صفحات.
541 _aد. جابر عصفور ؛
_bالقاهرة ؛
_cإهداء ؛
_d2024.
650 1 7 _aالادب العربى
_xتاريخ ونقد
_2qrmak
651 1 _2qrmak
905 _aNermeen
942 _2ddc
_cBK
_e21
_n0
999 _c178761
_d178761